[Event "Titled Tue 3rd Jun Early"]
[Site "chess.com INT"]
[Date "2025.06.03"]
[Round "6"]
[White "Smieszek, Wojciech"]
[Black "Kopczynski, Michal"]
[Result "1-0"]
[WhiteTitle "CM"]
[BlackTitle "CM"]
[WhiteElo "2141"]
[BlackElo "2225"]
[WhiteFideId "1156047"]
[BlackFideId "1124200"]
[EventDate "2025.06.03"]

1. e4 b6 2. d4 Bb7 3. Bd3 e6 4. f3 Nf6 5. Nc3 d5 6. Qe2 c5 7. exd5 Nxd5 8. Nxd5
Qxd5 9. Be4 Qd7 10. Bxb7 Qxb7 11. Be3 cxd4 12. Bxd4 Nc6 13. Bc3 Bc5 14. Nh3 O-O
15. O-O-O b5 16. Ng5 h6 17. Ne4 Be7 18. Nd6 Bxd6 19. Rxd6 b4 20. Be1 Rac8 21.
Bf2 b3 22. axb3 Qc7 23. Rhd1 Nb4 24. c3 Qa5 25. Qe4 Qa1+ 26. Qb1 Rxc3+ 27. Kd2
Qxb1 28. Rxb1 Rc2+ 29. Ke1 Rfc8 30. Bxa7 Rxg2 31. Rd2 Rg1+ 32. Bxg1 Nd5 33. Rxd5
exd5 34. Kd2 Kf8 35. b4 Ke7 36. Rc1 Rb8 37. Rc7+ Ke6 38. Bc5 g5 39. Ke3 f5 40.
Kd4 Rd8 41. Rc6+ Kf7 42. b5 h5 43. b6 g4 44. fxg4 fxg4 45. b7 h4 46. Rc8 1-0

[Event "Titled Tue 3rd Jun Early"]
[Site "chess.com INT"]
[Date "2025.06.03"]
[Round "6"]
[White "Garcia Correa, Jose Ricardo"]
[Black "Cuellar Montes, Alejandro"]
[Result "0-1"]
[WhiteTitle "FM"]
[BlackTitle "CM"]
[WhiteElo "2103"]
[BlackElo "2173"]
[WhiteFideId "5101832"]
[BlackFideId "32096836"]
[EventDate "2025.06.03"]

1. e4 e5 2. Nf3 Nc6 3. Bb5 a6 4. Ba4 Nf6 5. O-O Be7 6. Re1 b5 7. Bb3 O-O 8. d3
d6 9. a4 Bb7 10. Nc3 b4 11. Ne2 Qd7 12. Ng3 g6 13. Bh6 Rfe8 14. Ng5 d5 15. h3
Nd4 16. Ba2 b3 17. cxb3 Bb4 18. Rf1 a5 19. exd5 Nxd5 20. N5e4 f5 21. Nc3 Nf4 22.
Nge4 fxe4 23. dxe4 Nxh3+ 24. Kh2 Nf4 25. Bxf4 exf4 26. Nd5 Bxd5 27. Qxd4 Bc6 28.
Qc4+ Qe6 29. f3 Rad8 30. Rac1 Qxc4 31. Rxc4 Rd6 32. Rfc1 Bd7 33. Rxc7 Be6 34.
Rb7 Red8 35. Rcc7 R8d7 36. Rc8+ Kg7 37. Rbb8 Rd2 38. Bb1 Rxb2 39. e5 Rxb1 40.
Rd8 Rxd8 41. Rxd8 Re1 0-1

[Event "Titled Tue 3rd Jun Early"]
[Site "chess.com INT"]
[Date "2025.06.03"]
[Round "6"]
[White "Sagalchik, Gennadij"]
[Black "Nikulina, Alena"]
[Result "0-1"]
[WhiteTitle "GM"]
[BlackTitle "WFM"]
[WhiteElo "2434"]
[BlackElo "1875"]
[WhiteFideId "2007916"]
[BlackFideId "4172051"]
[EventDate "2025.06.03"]

1. d4 d5 2. Nc3 Nf6 3. Bg5 e6 4. e4 dxe4 5. Nxe4 Be7 6. Bxf6 Bxf6 7. Nf3 Nc6 8.
c3 Be7 9. Bd3 f5 10. Ned2 O-O 11. O-O b6 12. Nc4 Bb7 13. Qe2 Qd5 14. Rfe1 Rf6
15. Rad1 Re8 16. Qf1 h6 17. Kh1 Rg6 18. Ne3 Qd6 19. Bc4 Bg5 20. Nxf5 Qf4 21. Ng3
Na5 22. Ne5 Rf6 23. Nh5 Qxf2 24. Nxf6+ Qxf6 25. Qxf6 gxf6 26. Bxe6+ Rxe6 27. Nf3
Rxe1+ 28. Rxe1 Kf7 29. h4 Bf4 30. Kg1 Nc4 31. b3 Nd6 32. Kf2 Nf5 33. c4 Bg3+ 34.
Ke2 Bxe1 35. Kxe1 Bxf3 0-1

[Event "Titled Tue 3rd Jun Early"]
[Site "chess.com INT"]
[Date "2025.06.03"]
[Round "6"]
[White "Kourkoulos-Arditis, Stamatis"]
[Black "Lira, Suan Bruno Fernandes"]
[Result "1-0"]
[WhiteTitle "GM"]
[WhiteElo "2580"]
[BlackElo "2163"]
[WhiteFideId "4221990"]
[BlackFideId "22794620"]
[EventDate "2025.06.03"]

1. e4 c5 2. Nf3 Nc6 3. b3 Nf6 4. e5 Nd5 5. Bb2 e6 6. g3 Be7 7. Bg2 O-O 8. O-O d6
9. exd6 Qxd6 10. Re1 b6 11. Na3 Bb7 12. c4 Ndb4 13. d4 Nxd4 14. Nxd4 Bxg2 15.
Nab5 Qd8 16. Nxe6 Qxd1 17. Raxd1 Bf3 18. Nxg7 Bxd1 19. Nf5 Rfe8 20. Nc7 Nd3 21.
Nxe7+ Kf8 22. Rxd1 Nxb2 23. Rd2 1-0

[Event "Titled Tue 3rd Jun Early"]
[Site "chess.com INT"]
[Date "2025.06.03"]
[Round "6"]
[White "Danzer, George"]
[Black "Kulnev, Aleksandr"]
[Result "0-1"]
[WhiteTitle "CM"]
[BlackTitle "CM"]
[WhiteElo "2172"]
[BlackElo "2213"]
[WhiteFideId "4659465"]
[BlackFideId "54157544"]
[EventDate "2025.06.03"]

1. e4 c5 2. Nf3 d6 3. d4 cxd4 4. Nxd4 Nf6 5. Nc3 a6 6. Bg5 Nbd7 7. f4 Qc7 8. Bd3
e6 9. Qf3 Be7 10. O-O-O h6 11. Bh4 Nc5 12. Rhe1 Bd7 13. e5 Nxd3+ 14. Rxd3 dxe5
15. fxe5 Ng8 16. Ne4 g5 17. Bg3 h5 18. Nd6+ Bxd6 19. exd6 Qa5 20. Qxb7 Rd8 21.
Rde3 h4 22. Bf2 Qxa2 23. Nf5 Qa1+ 24. Kd2 Qa5+ 25. c3 Qxf5 26. Qxa6 Qxf2+ 27.
R1e2 Qf4 28. c4 Nf6 29. g3 Ne4+ 30. Kd3 Qxd6+ 31. Qxd6 Nxd6 32. c5 Bb5+ 33. Kc3
Bxe2 34. cxd6 Bb5 0-1

[Event "Titled Tue 3rd Jun Early"]
[Site "chess.com INT"]
[Date "2025.06.03"]
[Round "6"]
[White "Chen, Yidong"]
[Black "Purtseladze, Maka"]
[Result "0-1"]
[BlackTitle "IM"]
[WhiteElo "2038"]
[BlackElo "2261"]
[WhiteFideId "8607028"]
[BlackFideId "13602659"]
[EventDate "2025.06.03"]

1. e4 c6 2. d4 d5 3. e5 Bf5 4. Nf3 e6 5. Be2 Nd7 6. O-O Ne7 7. Nbd2 Nc8 8. Nb3
Be7 9. a4 O-O 10. a5 a6 11. Bd2 Na7 12. c4 dxc4 13. Bxc4 Nb5 14. Rc1 Re8 15. h3
Nf8 16. Qe2 Nc7 17. Rfd1 Nd5 18. Kh2 h6 19. g3 Nh7 20. Nc5 Rb8 21. b4 Ng5 22.
Nxg5 Bxg5 23. f4 Be7 24. Qf2 Bh7 25. Rf1 Nc7 26. Bc3 Bxc5 27. dxc5 Be4 28. Rcd1
Bd5 29. Bd3 Nb5 30. Bb2 Nc7 31. Bb1 Qe7 32. f5 exf5 33. Qxf5 g6 34. Qf4 Ne6 35.
Qxh6 Qg5 36. Qxg5 Nxg5 37. h4 Nf3+ 38. Kh3 Nxe5 39. Rde1 Nf3 0-1

[Event "Titled Tue 3rd Jun Early"]
[Site "chess.com INT"]
[Date "2025.06.03"]
[Round "6"]
[White "Sarana, Alexey"]
[Black "Deac, Bogdan-Daniel"]
[Result "1-0"]
[WhiteTitle "GM"]
[BlackTitle "GM"]
[WhiteElo "2686"]
[BlackElo "2668"]
[WhiteFideId "24133795"]
[BlackFideId "1226380"]
[EventDate "2025.06.03"]

1. e4 e5 2. Nf3 Nc6 3. Bb5 a6 4. Ba4 Nf6 5. O-O Nxe4 6. d4 b5 7. Bb3 d5 8. dxe5
Be6 9. c3 Bc5 10. Nbd2 O-O 11. Bc2 Nxf2 12. Rxf2 Bxf2+ 13. Kxf2 f6 14. exf6 Qxf6
15. Nf1 Ne5 16. Be3 Rae8 17. Bc5 Rf7 18. Nd2 Bg4 19. Bd4 Bxf3 20. Nxf3 Qh4+ 21.
Kg1 Nxf3+ 22. gxf3 Qg5+ 23. Kh1 Qf4 24. a4 Rfe7 25. Bg1 c6 26. Qd3 g6 27. Rf1
Re2 28. Rf2 Re1 29. axb5 axb5 30. Qd2 Qxd2 31. Rxd2 Rc1 32. Kg2 Rce1 33. Bd3
R8e6 34. Bd4 Rc1 35. b4 Ra1 36. c4 Ra4 37. cxd5 cxd5 38. Bc5 1-0

[Event "Titled Tue 3rd Jun Early"]
[Site "chess.com INT"]
[Date "2025.06.03"]
[Round "6"]
[White "Iskusnyh, Sergei"]
[Black "Durarbayli, Vasif"]
[Result "0-1"]
[WhiteTitle "GM"]
[BlackTitle "GM"]
[WhiteElo "2440"]
[BlackElo "2612"]
[WhiteFideId "4120027"]
[BlackFideId "13402935"]
[EventDate "2025.06.03"]

1. d4 Nf6 2. c4 e6 3. g3 c5 4. Nf3 cxd4 5. Nxd4 d5 6. Bg2 e5 7. Nf3 d4 8. O-O
Nc6 9. e3 Be7 10. exd4 exd4 11. Bf4 O-O 12. Ne5 Qb6 13. Nd2 Be6 14. Re1 Rac8 15.
Qb3 Bb4 16. Nd3 Be7 17. Qxb6 axb6 18. a3 Na5 19. Rxe6 fxe6 20. Bh3 Kh8 21. Bxe6
Rce8 22. Bh3 Bd8 23. Rd1 Ne4 24. Nxe4 Rxe4 25. Bg2 Re2 26. b4 Nxc4 27. Bd5 Nxa3
28. Ne5 g5 29. Bc1 Rxe5 0-1

[Event "Titled Tue 3rd Jun Early"]
[Site "chess.com INT"]
[Date "2025.06.03"]
[Round "6"]
[White "Osmak, Yuliia"]
[Black "Genkeswaran, Genivan"]
[Result "0-1"]
[WhiteTitle "IM"]
[BlackTitle "CM"]
[WhiteElo "2471"]
[BlackElo "2197"]
[WhiteFideId "14101602"]
[BlackFideId "5754496"]
[EventDate "2025.06.03"]

1. b3 d5 2. Bb2 c5 3. e3 Nc6 4. Nf3 Bg4 5. h3 Bh5 6. Bb5 e6 7. g4 Bg6 8. Ne5 Qc7
9. Bxc6+ bxc6 10. h4 Be4 11. f3 Bd6 12. Nd3 Bxd3 13. cxd3 Bg3+ 14. Ke2 Be5 15.
Nc3 Ne7 16. f4 Bxc3 17. Bxc3 d4 18. Bb2 Nd5 19. Qf1 O-O-O 20. Rc1 dxe3 21. dxe3
Nb4 22. d4 cxd4 23. Bxd4 f6 24. Qe1 Nd5 25. Rc5 Nxf4+ 26. exf4 Rxd4 27. Qc3 Re4+
28. Kd3 Qxf4 29. Rxc6+ Kb7 30. Rc7+ Kb8 31. Qc6 Re3+ 32. Kd2 Rg3+ 33. Ke2 Qxc7
34. Qb5+ Qb7 35. Qc4 Qg2+ 36. Kd1 Qxh1+ 37. Ke2 Qh2+ 38. Ke1 Rg1+ 39. Qf1 Rxf1+
40. Kxf1 Rc8 41. g5 Rc1# 0-1

[Event "Titled Tue 3rd Jun Early"]
[Site "chess.com INT"]
[Date "2025.06.03"]
[Round "6"]
[White "Chelly, Yahya"]
[Black "Stefanov, Plamen"]
[Result "1-0"]
[WhiteTitle "CM"]
[WhiteElo "2039"]
[BlackElo "1982"]
[WhiteFideId "5516200"]
[BlackFideId "2900980"]
[EventDate "2025.06.03"]

1. d4 Nf6 2. c4 c5 3. dxc5 e6 4. Nf3 Bxc5 5. e3 O-O 6. Be2 d5 7. cxd5 exd5 8.
O-O Nc6 9. a3 h6 10. b4 Bd6 11. Bb2 Be6 12. Nbd2 a6 13. Nb3 Qe7 14. Nbd4 Rfd8
15. Rc1 Ne5 16. Qb3 Ne4 17. Rfd1 Ng4 18. Rf1 Nd2 19. Nxd2 Bxh2+ 20. Kh1 Qh4 21.
Bxg4 Be5+ 22. Bh3 Bxh3 23. g3 Qh5 24. Rfe1 Rd6 25. Kg1 Rad8 26. Ne2 1-0

[Event "Titled Tue 3rd Jun Early"]
[Site "chess.com INT"]
[Date "2025.06.03"]
[Round "6"]
[White "Lazavik, Denis"]
[Black "Sjugirov, Sanan"]
[Result "1-0"]
[WhiteTitle "GM"]
[BlackTitle "GM"]
[WhiteElo "2577"]
[BlackElo "2638"]
[WhiteFideId "13515110"]
[BlackFideId "4189302"]
[EventDate "2025.06.03"]

1. d4 Nf6 2. c4 e6 3. Nc3 Bb4 4. a3 Bxc3+ 5. bxc3 b6 6. f3 d6 7. e4 Nfd7 8. Bd3
Qh4+ 9. g3 Qe7 10. f4 Nc6 11. Nf3 Bb7 12. O-O Na5 13. Qe2 f6 14. Rb1 e5 15. c5
O-O 16. fxe5 dxe5 17. Nh4 g6 18. Bh6 Rf7 19. Qg4 Kh8 20. Rf2 Rd8 21. Bc2 a6 22.
Rbf1 bxc5 23. d5 Nc4 24. Nf3 Nd6 25. Ng5 fxg5 26. Bxg5 Qe8 27. Rxf7 Nxf7 28.
Rxf7 Qxf7 29. Bxd8 c6 30. Ba4 Qe8 31. dxc6 1-0

[Event "Titled Tue 3rd Jun Early"]
[Site "chess.com INT"]
[Date "2025.06.03"]
[Round "6"]
[White "Gurel, Ediz"]
[Black "Gabrielian, Artur"]
[Result "1-0"]
[WhiteTitle "GM"]
[BlackTitle "GM"]
[WhiteElo "2636"]
[BlackElo "2419"]
[WhiteFideId "44507356"]
[BlackFideId "4131002"]
[EventDate "2025.06.03"]

1. e4 c5 2. Nc3 Nc6 3. g3 g6 4. Bg2 Bg7 5. Nge2 d6 6. O-O Nf6 7. d3 Rb8 8. h3
O-O 9. Be3 b5 10. Qd2 b4 11. Nd1 Nd7 12. Bh6 Bxh6 13. Qxh6 Nd4 14. Qd2 e5 15.
Ne3 Bb7 16. c3 Nxe2+ 17. Qxe2 bxc3 18. bxc3 Bc6 19. f4 exf4 20. gxf4 Qe7 21.
Rae1 Rbe8 22. Qf2 Qf6 23. Qd2 Qg7 24. Kh2 f5 25. exf5 Bxg2 26. Qxg2 gxf5 27.
Qxg7+ Kxg7 28. Nxf5+ Kf6 29. Nxd6 Rxe1 30. Rxe1 Rb8 31. Re2 Rb1 32. Kg3 Rc1 33.
Kf3 c4 34. Ne4+ Kf5 35. dxc4 Nb6 36. c5 Nd5 37. c6 Nxc3 38. Nd6+ Kf6 39. Re1
Rxe1 40. c7 Re3+ 41. Kg2 Re2+ 42. Kf1 Rc2 43. c8=Q Rc1+ 44. Kg2 Rc2+ 45. Kf3 1-0

[Event "Titled Tue 3rd Jun Early"]
[Site "chess.com INT"]
[Date "2025.06.03"]
[Round "6"]
[White "Negrean, Andrei"]
[Black "Lazaro Azcutia, Miguel"]
[Result "1-0"]
[WhiteTitle "FM"]
[BlackTitle "CM"]
[WhiteElo "2336"]
[BlackElo "2275"]
[WhiteFideId "1291513"]
[BlackFideId "54538254"]
[EventDate "2025.06.03"]

1. e4 e5 2. Nf3 Nc6 3. Nc3 Nf6 4. Bb5 Bd6 5. O-O O-O 6. d3 h6 7. Ne2 a6 8. Bxc6
dxc6 9. Ng3 Re8 10. h3 a5 11. Nh2 c5 12. Qe2 a4 13. Ng4 a3 14. b3 b5 15. Ne3 g6
16. Bd2 Nh7 17. Nd5 c6 18. Nc3 Kg7 19. Qe3 Qg5 20. Qxg5 hxg5 21. f3 Nf8 22. Nd1
Ne6 23. Ne3 f6 24. Kf2 Nf4 25. Ne2 Ne6 26. Rad1 Nd4 27. c3 Nxe2 28. Kxe2 Be6 29.
Be1 Red8 30. Bg3 Be7 31. Rd2 Rd7 32. Rfd1 Rad8 33. Nc2 c4 34. dxc4 Rxd2+ 35.
Rxd2 bxc4 36. Rxd8 Bxd8 37. b4 Be7 38. Nxa3 c5 39. b5 Kf7 40. Nc2 Ke8 41. a4 Kd7
42. a5 Kc7 43. Na3 Kb7 44. Bf2 Bd8 45. a6+ Kb6 46. Bxc5+ Kxc5 47. a7 1-0

[Event "Titled Tue 3rd Jun Early"]
[Site "chess.com INT"]
[Date "2025.06.03"]
[Round "6"]
[White "Gbiorczyk, Mikolaj"]
[Black "Aravindhan, Achyuth"]
[Result "1-0"]
[WhiteTitle "CM"]
[BlackTitle "CM"]
[WhiteElo "2191"]
[BlackElo "2098"]
[WhiteFideId "21080763"]
[BlackFideId "1084216"]
[EventDate "2025.06.03"]

1. d4 Nf6 2. Nc3 d5 3. Bf4 e6 4. Nb5 Na6 5. e3 c6 6. Nc3 Nc7 7. Bd3 Bd6 8. Nf3
b6 9. Ne5 Bb7 10. O-O O-O 11. Qf3 c5 12. Qh3 c4 13. Be2 b5 14. a4 b4 15. Nd1
Bxe5 16. Bxe5 Nd7 17. Bg3 Nf6 18. b3 c3 19. Bd3 Ne4 20. f3 Ng5 21. Qh5 g6 22.
Qh6 f6 23. Nf2 Nf7 24. Qh3 Ng5 25. Qg4 f5 26. Qf4 Rc8 27. Bh4 h6 28. Kh1 e5 29.
dxe5 Nce6 30. Qxb4 1-0

[Event "Titled Tue 3rd Jun Early"]
[Site "chess.com INT"]
[Date "2025.06.03"]
[Round "6"]
[White "Burmakin, Evgeniy"]
[Black "Grabinsky, Vladimir"]
[Result "1-0"]
[WhiteTitle "FM"]
[BlackTitle "IM"]
[WhiteElo "2110"]
[BlackElo "2192"]
[WhiteFideId "4163729"]
[BlackFideId "14107074"]
[EventDate "2025.06.03"]

1. e4 c5 2. Nf3 Nc6 3. Bb5 e6 4. O-O Nge7 5. Re1 a6 6. Bf1 b6 7. c4 Nd4 8. Nxd4
cxd4 9. d3 Nc6 10. Qg4 h5 11. Qg3 h4 12. Qg4 Ne5 13. Qd1 h3 14. g3 Bb4 15. Nd2
Qf6 16. f4 Ng6 17. a3 Bxd2 18. Bxd2 Bb7 19. Bb4 e5 20. f5 a5 21. Bd2 Nf8 22. Qg4
g6 23. Bg5 Qd6 24. Bxh3 gxf5 25. Qxf5 Ne6 26. Bf6 1-0

[Event "Titled Tue 3rd Jun Early"]
[Site "chess.com INT"]
[Date "2025.06.03"]
[Round "6"]
[White "Pacheco, Daniel"]
[Black "Rubio, Lloyd"]
[Result "1-0"]
[WhiteTitle "FM"]
[WhiteElo "2191"]
[BlackElo "2167"]
[WhiteFideId "101680"]
[BlackFideId "5210453"]
[EventDate "2025.06.03"]

1. d4 Nf6 2. c4 g6 3. Nc3 Bg7 4. e4 d6 5. Be2 O-O 6. Nf3 Nbd7 7. Bg5 e5 8. d5 h6
9. Be3 a5 10. Nd2 Nc5 11. O-O b6 12. b3 Ne8 13. a3 f5 14. f3 f4 15. Bf2 g5 16.
b4 axb4 17. axb4 Rxa1 18. Qxa1 Nd7 19. Nb3 h5 20. c5 bxc5 21. bxc5 Ndf6 22. Qa8
dxc5 23. Nxc5 Nd6 24. Rc1 g4 25. Ne6 Bxe6 26. Qxd8 Rxd8 27. dxe6 Re8 28. Nd5
Rxe6 29. Nxf6+ Rxf6 30. Rxc7 Rg6 31. Kf1 g3 32. Bg1 h4 33. h3 Bf8 34. Rc6 Rg7
35. Bc5 Rb7 36. Bd3 Rb3 37. Ke2 Rb2+ 38. Kd1 Rxg2 39. Bxd6 Bxd6 40. Rxd6 Rf2 41.
Ke1 Rh2 42. Bf1 g2 43. Rg6+ Kf7 44. Rxg2 Rxh3 45. Rg7+ Kxg7 46. Bxh3 Kf6 47. Kd2
Ke7 48. Kc3 Kd6 49. Kb4 Kc6 50. Kc4 Kd6 51. Kb5 Ke7 52. Kc6 Kf6 53. Kd6 Kg5 54.
Kxe5 1-0

[Event "Titled Tue 3rd Jun Early"]
[Site "chess.com INT"]
[Date "2025.06.03"]
[Round "6"]
[White "Wagner, Anselm"]
[Black "Novikova, Marharyta"]
[Result "1-0"]
[WhiteTitle "FM"]
[BlackTitle "WCM"]
[WhiteElo "2421"]
[BlackElo "1969"]
[WhiteFideId "4604610"]
[BlackFideId "14109689"]
[EventDate "2025.06.03"]

1. e4 d5 2. exd5 Nf6 3. d4 Nxd5 4. c4 Nb6 5. Nf3 Bg4 6. Be2 e6 7. O-O Nc6 8. Be3
Be7 9. b3 Bf6 10. Nbd2 O-O 11. Ne4 Be7 12. h3 Bf5 13. Ng3 Bg6 14. Qd2 Bf6 15.
Rad1 Qe7 16. Rfe1 a5 17. Bf1 Qb4 18. Bf4 Rfc8 19. Ne5 Nxe5 20. Bxe5 Bxe5 21.
dxe5 h6 22. Be2 Kf8 23. Bf3 Qxd2 24. Rxd2 c6 25. Red1 Ke7 26. Be4 Bxe4 27. Nxe4
a4 28. Nc5 axb3 29. axb3 Rc7 30. f4 g6 31. Kf2 h5 32. Kg3 Ra5 33. Ne4 Ra3 34.
Rd3 Ra2 35. Nf6 Rc8 36. Nd7 Nxd7 37. Rxd7+ Kf8 38. Rxb7 h4+ 39. Kxh4 Rxg2 40.
Rdd7 Kg7 41. Rxf7+ Kg8 42. Rg7+ Kh8 43. Rh7+ Kg8 44. Rbg7+ Kf8 45. Rc7 Rxc7 46.
Rxc7 Rf2 47. Kg5 Rg2+ 48. Kf6 Ke8 49. Rxc6 Kd8 50. Rxe6 1-0

[Event "Titled Tue 3rd Jun Early"]
[Site "chess.com INT"]
[Date "2025.06.03"]
[Round "6"]
[White "Vasquez Schroeder, Rodrigo"]
[Black "Bortnyk, Olexandr"]
[Result "1-0"]
[WhiteTitle "GM"]
[BlackTitle "GM"]
[WhiteElo "2446"]
[BlackElo "2601"]
[WhiteFideId "3400042"]
[BlackFideId "14120828"]
[EventDate "2025.06.03"]

1. Nf3 Nf6 2. c4 b6 3. g3 Bb7 4. Bg2 g6 5. b3 Bg7 6. Bb2 O-O 7. O-O e6 8. d3 d5
9. Nbd2 c5 10. a3 Qe7 11. e3 Rd8 12. Qc2 Na6 13. Rad1 Rac8 14. Qb1 Nc7 15. Rfe1
Nd7 16. Bxg7 Kxg7 17. Qb2+ Qf6 18. d4 dxc4 19. bxc4 cxd4 20. exd4 Ne8 21. Rc1
Nd6 22. Ne5 Bxg2 23. Kxg2 h5 24. Ndf3 Nf5 25. Rcd1 Nxe5 26. Nxe5 Rc7 27. Re4 Kg8
28. Qe2 Rdc8 29. d5 exd5 30. cxd5 Rc2 31. Rd2 Rxd2 32. Qxd2 Nd6 33. Re3 Qf5 34.
Nc6 Kh7 35. Ne7 Qc2 36. Qd4 Nf5 37. Nxf5 Qxf5 38. Re7 Kg8 39. d6 h4 40. gxh4 Rd8
41. d7 Kf8 42. Re8+ 1-0

[Event "Titled Tue 3rd Jun Early"]
[Site "chess.com INT"]
[Date "2025.06.03"]
[Round "6"]
[White "Arslanov, Shamil"]
[Black "Hansen, Sune Berg"]
[Result "0-1"]
[WhiteTitle "IM"]
[BlackTitle "GM"]
[WhiteElo "2410"]
[BlackElo "2503"]
[WhiteFideId "4192826"]
[BlackFideId "1400266"]
[EventDate "2025.06.03"]

1. d4 Nf6 2. f3 d5 3. e4 dxe4 4. Nc3 exf3 5. Nxf3 Bg4 6. h3 Bxf3 7. Qxf3 c6 8.
g4 e6 9. g5 Nd5 10. Bd3 Nd7 11. Rf1 Qe7 12. Bd2 N7b6 13. Ne4 Qd7 14. a3 Nc7 15.
O-O-O O-O-O 16. Qxf7 Qxf7 17. Rxf7 Rxd4 18. Rdf1 Rd8 19. Bc3 Rg8 20. Be5 Nd7 21.
Bh2 e5 22. Bc4 Nd5 23. Nc3 Ne3 24. Be6 Nxf1 25. Rxf1 Rh8 26. Rf7 Bd6 27. Ne4 Kc7
28. c4 Rhe8 29. Bg4 Re7 30. Nxd6 Kxd6 31. c5+ Nxc5 32. Rf3 Kc7 33. Rc3 Nd3+ 34.
Kb1 Nf4 35. Re3 Rde8 36. Bf5 g6 37. Be4 Nd5 38. Rf3 b5 39. h4 Kb7 40. h5 gxh5
41. Rh3 Nf4 42. Rh4 Rg7 43. Bxf4 exf4 44. Rxf4 0-1

[Event "Titled Tue 3rd Jun Early"]
[Site "chess.com INT"]
[Date "2025.06.03"]
[Round "6"]
[White "El Zein, Zayne-Eddine"]
[Black "Dann, Matthias"]
[Result "0-1"]
[WhiteTitle "CM"]
[BlackTitle "IM"]
[WhiteElo "2146"]
[BlackElo "2446"]
[WhiteFideId "5313210"]
[BlackFideId "24638056"]
[EventDate "2025.06.03"]

1. e4 c5 2. Nf3 d6 3. g3 Nf6 4. d3 g6 5. Bg2 Bg7 6. O-O O-O 7. c3 Nc6 8. Re1 Rb8
9. d4 Bg4 10. h3 Bxf3 11. Bxf3 Qb6 12. d5 Ne5 13. Bg2 c4 14. Na3 Qa6 15. Nc2 Nd3
16. Rf1 b5 17. Nd4 Rb7 18. Qc2 Nd7 19. Nc6 N7e5 20. Nd4 Nxc1 21. Raxc1 Nd3 22.
Ra1 Bxd4 23. cxd4 Qb6 24. Qc3 Rc8 25. a3 a5 26. Rfd1 b4 27. axb4 axb4 28. Qc2
Qxd4 29. Bf1 b3 30. Qb1 Qxf2+ 31. Kh1 Nxb2 32. Re1 c3 33. Ba6 Rcc7 34. Bxb7 Rxb7
35. e5 Qxg3 36. e6 Qxh3+ 37. Kg1 Rb4 38. Re4 Qg3+ 39. Kh1 Qf3+ 40. Kg1 Rxe4 41.
Ra8+ Kg7 42. exf7 Rg4+ 0-1

[Event "Titled Tue 3rd Jun Early"]
[Site "chess.com INT"]
[Date "2025.06.03"]
[Round "6"]
[White "Tahmasebi, Hamidreza"]
[Black "Hobaica, Juan Pablo"]
[Result "1-0"]
[WhiteTitle "FM"]
[BlackTitle "IM"]
[WhiteElo "2298"]
[BlackElo "2412"]
[WhiteFideId "12537527"]
[BlackFideId "104159"]
[EventDate "2025.06.03"]

1. e4 c5 2. Nf3 d6 3. d4 cxd4 4. Nxd4 Nf6 5. Nc3 Nc6 6. Bg5 e6 7. g3 Be7 8. Bg2
O-O 9. O-O Bd7 10. h3 Nxd4 11. Qxd4 Bc6 12. Rad1 Qc7 13. Kh2 Rfd8 14. Rfe1 b5
15. a3 a5 16. Be3 Rab8 17. Qa7 Qxa7 18. Bxa7 Rb7 19. Bd4 e5 20. Be3 b4 21. axb4
axb4 22. Nd5 Nxd5 23. exd5 Bd7 24. f4 Bf6 25. Be4 exf4 26. Bxf4 Bxb2 27. Bxd6
Bxh3 28. Bc5 Bg4 29. d6 Rb5 30. Rd5 Be6 31. Bd3 Ra5 32. d7 g6 33. Bc4 Bxd5 34.
Re8+ Kg7 35. Rxd8 1-0

[Event "Titled Tue 3rd Jun Early"]
[Site "chess.com INT"]
[Date "2025.06.03"]
[Round "6"]
[White "Gales, Randi-Ioan"]
[Black "Mottola, Max"]
[Result "1-0"]
[WhiteTitle "CM"]
[WhiteElo "2290"]
[BlackElo "2128"]
[WhiteFideId "1285360"]
[BlackFideId "30985862"]
[EventDate "2025.06.03"]

1. d4 d5 2. c4 c6 3. Nf3 Nf6 4. e3 a6 5. Bd3 Bg4 6. Nbd2 e6 7. O-O Nbd7 8. h3
Bh5 9. b3 Bd6 10. Bb2 O-O 11. e4 dxe4 12. Nxe4 Nxe4 13. Bxe4 Qe7 14. Re1 Ba3 15.
Bc3 Bb4 16. Bxb4 Qxb4 17. a3 Qd6 18. b4 a5 19. Qb3 Nf6 20. Rad1 Nxe4 21. Rxe4
axb4 22. axb4 Bg6 23. Re3 b5 24. cxb5 cxb5 25. Ne5 Ra4 26. d5 exd5 27. Rxd5 Qxb4
28. Rxb5 Ra1+ 29. Kh2 Qf4+ 30. Rg3 Qxf2 31. Rf3 Qg1+ 32. Kg3 Be4 33. Qxf7+ Rxf7
34. Rb8+ 1-0

[Event "Titled Tue 3rd Jun Early"]
[Site "chess.com INT"]
[Date "2025.06.03"]
[Round "6"]
[White "Omariev, Maksim"]
[Black "Marynychenko, Yehor"]
[Result "0-1"]
[WhiteTitle "FM"]
[BlackTitle "CM"]
[WhiteElo "2304"]
[BlackElo "2183"]
[WhiteFideId "4193423"]
[BlackFideId "34160558"]
[EventDate "2025.06.03"]

1. g4 e5 2. Bg2 Ne7 3. c4 Ng6 4. d3 c6 5. Nc3 Nh4 6. Be4 Bb4 7. Qb3 Bxc3+ 8.
bxc3 O-O 9. Nf3 Ng6 10. h4 Na6 11. h5 Nc5 12. Qa3 Nxe4 13. hxg6 fxg6 14. dxe4 d6
15. Bg5 Qc7 16. Rd1 c5 17. Rg1 Be6 18. Nd2 Qf7 19. f3 h6 20. Be3 a6 21. Qb2 b5
22. cxb5 axb5 23. Qxb5 Rxa2 24. Kf2 Rfa8 25. Kg3 R8a3 26. Qb8+ Kh7 27. Qxd6 Rxc3
28. Bxc5 Qf4+ 29. Kf2 Bc4 30. Nxc4 Qxf3+ 31. Ke1 Rxe2# 0-1

[Event "Titled Tue 3rd Jun Early"]
[Site "chess.com INT"]
[Date "2025.06.03"]
[Round "6"]
[White "Dovgaliuk, Oleksandr"]
[Black "Lymar, Vladislav"]
[Result "0-1"]
[BlackTitle "CM"]
[WhiteElo "2240"]
[BlackElo "2216"]
[WhiteFideId "14167247"]
[BlackFideId "14162180"]
[EventDate "2025.06.03"]

1. c4 e6 2. g3 d5 3. Bg2 Nf6 4. d4 Be7 5. Nf3 O-O 6. O-O c5 7. cxd5 exd5 8. Nc3
Nc6 9. dxc5 Bxc5 10. b3 Ne4 11. Bb2 Be6 12. Rc1 Qb6 13. Nxe4 dxe4 14. Ng5 Rad8
15. Qc2 Bd4 16. Bxe4 Nb4 17. Bxd4 Rxd4 18. Qb1 f5 19. Nxe6 Qxe6 20. Bxb7 Qxe2
21. a3 Nd3 22. Rc2 Qe7 23. Bg2 f4 24. Rd1 Rfd8 25. Rcd2 Qd6 26. Bf1 fxg3 27.
hxg3 Nxf2 28. Kxf2 Rxd2+ 29. Rxd2 Qxd2+ 30. Be2 Rf8+ 0-1